Industrial Ecology and Global Change / (Record no. 12116)
[ view plain ]
| 000 -LEADER | |
|---|---|
| fixed length control field | 01415cam a2200301 a 4500 |
| 001 - CONTROL NUMBER | |
| control field | 1596050 |
| 005 - DATE AND TIME OF LATEST TRANSACTION | |
| control field | 20030819181742.0 |
| 008 - FIXED-LENGTH DATA ELEMENTS--GENERAL INFORMATION | |
| fixed length control field | 940318s1994 enka b 001 0 eng |
| 010 ## - LIBRARY OF CONGRESS CONTROL NUMBER | |
| LC control number | 94011814 |
| 020 ## - INTERNATIONAL STANDARD BOOK NUMBER | |
| International Standard Book Number | 0521471974 (hbk) |
| 020 ## - INTERNATIONAL STANDARD BOOK NUMBER | |
| International Standard Book Number | 0521577837 (pbk) |
| 040 ## - CATALOGING SOURCE | |
| Original cataloging agency | DLC |
| Transcribing agency | DLC |
| Modifying agency | DLC |
| 050 00 - LIBRARY OF CONGRESS CALL NUMBER | |
| Classification number | TS161 |
| Item number | .I54 1994 |
| 082 00 - DEWEY DECIMAL CLASSIFICATION NUMBER | |
| Classification number | 363.731 |
| Edition number | 20 |
| Item number | IND |
| 245 00 - TITLE STATEMENT | |
| Title | Industrial Ecology and Global Change / |
| Statement of responsibility, etc | edited by R. Socolow ... [et al.]. |
| 260 ## - PUBLICATION, DISTRIBUTION, ETC. (IMPRINT) | |
| Place of publication, distribution, etc | Cambridge ; |
| -- | New York : |
| Name of publisher, distributor, etc | Cambridge University Press, |
| Date of publication, distribution, etc | c1994. |
| 300 ## - PHYSICAL DESCRIPTION | |
| Extent | xxix, 500 p. : |
| Other physical details | ill. ; |
| Dimensions | 25 cm. |
| 500 ## - GENERAL NOTE | |
| General note | "Office for Interdisciplinary Earth Studies, Global Change Institute volume 5"--P. [iv]. |
| 504 ## - BIBLIOGRAPHY, ETC. NOTE | |
| Bibliography, etc | Includes bibliographical references and index. |
| 650 #0 - SUBJECT ADDED ENTRY--TOPICAL TERM | |
| Topical term or geographic name as entry element | Industrial ecology. |
| 9 (RLIN) | 7228 |
| 700 1# - ADDED ENTRY--PERSONAL NAME | |
| Personal name | Socolow, Robert H. |
| 9 (RLIN) | 7229 |
| 711 2# - ADDED ENTRY--MEETING NAME | |
| Meeting name or jurisdiction name as entry element | OIES Global Change Institute |
| Number of part/section/meeting | (5th : |
| Date of meeting | 1992 : |
| Location of meeting | Snowmass, Colo.) |
| 9 (RLIN) | 7230 |
| 856 42 - ELECTRONIC LOCATION AND ACCESS | |
| Materials specified | Publisher description |
| Uniform Resource Identifier | <a href="http://www.loc.gov/catdir/description/cam032/94011814.html">http://www.loc.gov/catdir/description/cam032/94011814.html</a> |
| 856 41 - ELECTRONIC LOCATION AND ACCESS | |
| Materials specified | Table of contents |
| Uniform Resource Identifier | <a href="http://www.loc.gov/catdir/toc/cam032/94011814.html">http://www.loc.gov/catdir/toc/cam032/94011814.html</a> |
| 942 ## - ADDED ENTRY ELEMENTS (KOHA) | |
| Source of classification or shelving scheme | Dewey Decimal Classification |
| Item type | Book - Borrowing |
| Withdrawn status | Item status | Source of classification or shelving scheme | Damaged status | Not for loan | Vendor | Home library | Current library | Shelving location | Date acquired | Source of acquisition | Cost, normal purchase price | Serial Enumeration / chronology | Total Checkouts | Full call number | Barcode | Date last seen | Koha item type |
|---|---|---|---|---|---|---|---|---|---|---|---|---|---|---|---|---|---|
| Dewey Decimal Classification | Alahram | Central Library | Central Library | First floor | 30/06/2009 | 170.20 | 72 | 363.731 IND | 000016994 | 15/07/2025 | Book - Borrowing |